000 00405pab a2200169 454500
008 180718b2015 xxu||||| |||| 00| 0 eng d
100 _aHarikrishnan B.
245 _aBeti Bachao: Patients' envy doctor's pride
260 _c2015
300 _ap.23-25,30.
362 _a7 Mar
650 _aGirls
700 _aNair, Pradeep
700 _aSharma, Navneet
773 _aMainstream
909 _a107150
999 _c107145
_d107145